Смерть на брудершафт (Запись № 2919288)

Подробности
000 -МАРКЕР
контрольное поле 01506nam0a2200361 i 4500
001 - ИДЕНТИФИКАТОР ЗАПИСИ
контрольное поле RU\NLR\bibl\1901347
005 - ИДЕНТИФИКАТОР ВЕРСИИ
контрольное поле 20260406151502.0
010 ## - МЕЖДУНАРОДНЫЙ СТАНДАРТНЫЙ НОМЕР КНИГИ (ISBN)
Номер (ISBN) 9785271377938
Уточнения Астрель
010 ## - МЕЖДУНАРОДНЫЙ СТАНДАРТНЫЙ НОМЕР КНИГИ (ISBN)
Номер (ISBN) 978-5-17-076183-8
Уточнения АСТ
Тираж 40000
021 ## - НОМЕР ГОСУДАРСТВЕННОЙ РЕГИСТРАЦИИ
Код страны российская федерация
Номер 2012-29497
Номер Листа государственной регистраци 2191
035 ## - ДРУГИЕ СИСТЕМНЫЕ НОМЕРА
Идентификатор записи (NLR Aleph) 001890971
100 ## - ДАННЫЕ ОБЩЕЙ ОБРАБОТКИ
Данные общей обработки 20120510d2011 u y0rusy50 ca
101 0# - ЯЗЫК РЕСУРСА
Язык текста, звукозаписи и т.д. русский
102 ## - СТРАНА ПУБЛИКАЦИИ ИЛИ ПРОИЗВОДСТВА
Страна публикации российская федерация
105 ## - ПОЛЕ КОДИРОВАННЫХ ДАННЫХ: ТЕКСТОВЫЕ МАТЕРИАЛЫ, МОНОГРАФИЧЕСКИЕ
Кодированные данные о монографическом текстовом документе a |||||||||
200 1# - ЗАГЛАВИЕ И СВЕДЕНИЯ ОБ ОТВЕТСТВЕННОСТИ
Основное заглавие Смерть на брудершафт
Обозначение и номер части фильма седьмая
Наименование части "Мария", Мария...
Сведения, относящиеся к заглавию роман-кино
Первые сведения об ответственности Борис Акунин
Последующие сведения об ответственности [худож.: Игорь Сакуров]
210 ## - ПУБЛИКАЦИЯ, РАСПРОСТРАНЕНИЕ И ДР.
Место издания, распространения и т.д. Москва
Имя издателя, распространителя и т. д. АСТ
-- Астрель
Дата издания, распространения и т.д. 2011
215 ## - ФИЗИЧЕСКАЯ ХАРАКТЕРИСТИКА
Специфическое обозначение материала и объем 171, [17] c.
Другие сведения о физической характеристике ил.
Размеры 17
225 1# - СЕРИЯ
Основное заглавие серии Роман-кино
333 ## - ПРИМЕЧАНИЯ ОБ ОСОБЕННОСТЯХ РАСПРОСТРАНЕНИЯ И ИСПОЛЬЗОВАНИЯ
Текст примечания 18+
686 ## - ИНДЕКСЫ ДРУГИХ КЛАССИФИКАЦИЙ
Индекс Щ374.9(2)"Смерть на брудершафт"
686 ## - ИНДЕКСЫ ДРУГИХ КЛАССИФИКАЦИЙ
Индекс Ш6(2=Р)8-68
700 #1 - ИМЯ ЛИЦА - ПЕРВИЧНАЯ ОТВЕТСТВЕННОСТЬ
Код отношения Автор
Материалы, к которым относится поле rus
Графика поля Кириллица
Начальный элемент ввода Акунин
Часть имени, кроме начального элемента ввода Б.
Расширение инициалов личного имени Борис
Даты 1956-
Идентификатор авторитетной/нормативной записи RU\NLR\auth\775367
Системный номер авторитетной/нормативной записи 115331
702 #1 - ИМЯ ЛИЦА - ВТОРИЧНАЯ ОТВЕТСТВЕННОСТЬ
Код отношения Карикатурист, Художник
Материалы, к которым относится поле rus
Графика поля Кириллица
Начальный элемент ввода Сакуров
Часть имени, кроме начального элемента ввода И. А.
Дополнения к именам, кроме дат художник
Даты 1963-
Расширение инициалов личного имени Игорь Анатольевич
Идентификатор авторитетной/нормативной записи RU\NLR\auth\7799660
Системный номер авторитетной/нормативной записи 82586
801 #0 - ИСТОЧНИК ЗАПИСИ
Страна российская федерация
Организация NLR
Дата составления 20120510
Правила каталогизации RCR
801 #1 - ИСТОЧНИК ЗАПИСИ
Страна российская федерация
Организация NLR
Дата составления 20120510
942 ## - ДОПОЛНИТЕЛЬНЫЕ ЭЛЕМЕНТЫ ЗАПИСИ (АБИС)
Тип экземпляра АБИС Книга
980 ## - КОЛЛЕКЦИЯ
Название коллекции Иноагенты
980 ## - КОЛЛЕКЦИЯ
Название коллекции НБР
996 ## - Примечание о цензурировании
Иноагент/Метка
Код типа метки иноагент-персона
ФИО / наименование полностью (как указано в Росреестре) Чхартишвили Григорий Шалвович

Нет доступных экземпляров.